Geography Quiz

Random Geography or City Quiz
Score 0/17 Timer 05:00
2 Plays Today
Last Letter City % Correct
KNew York, N.Y.
98.4%
SLos Angeles, Calif.
96%
OChicago, Ill.
90.8%
NHouston, Texas
84.2%
IMiami, Fla.
77.8%
APhiladelphia, Pa.
76.7%
XPhoenix, Ariz.
74%
TDetroit, Mich.
67.1%
RDenver, Colo.
62%
Last Letter City % Correct
DPortland, Ore.
54.8%
YOklahoma City, Okla.
51.5%
UHonolulu, Hawai`i
42.2%
ESan Jose, Calif.
41.4%
LSt. Paul, Minn.
35.1%
HFort Worth, Texas
32.7%
MAnaheim, Calif.
14.4%
GSt. Petersburg, Fla.
12%
Remove Ads.
Support Sporcle.
Get the best of Sporcle when you Go Orange. This ad-free experience offers more features, more stats, and more fun while also helping to support Sporcle. Thank you for becoming a member.

You're not logged in!

Compare scores with friends on all Sporcle quizzes.
OR
Log In

Sporcle TV

Today on Sporcle TV


Watch our educational content, quiz creation guides, and fun videos on Sporcle TV.

Show Comments

Extras

Top Quizzes Today


Score Distribution

Paid Content

Your Account Isn't Verified!

In order to create a playlist on Sporcle, you need to verify the email address you used during registration. Go to your Sporcle Settings to finish the process.

Report this User

Report this user for behavior that violates our Community Guidelines.

Details: